00462nam a2200157Ia 450000500170000000800410001702000220005804100080008008200120008810000340010024500370013425000060017126000740017730000110025165000420026220260121165310.0260121s9999 xx 000 0 und d a978-93-95664-37-0 amar a923.254 aपालकर, ना. ह. aडॉ. हेगडेवार a1 bभारतीय विचार साधना पुणेc2025 a508;32 aमराठी साहित्य